000 00448nam a2200145Ia 4500
008 100204s9999 xx 000 0 und d
082 _b21943
100 _aED. ROBERT O ZELENY
245 _a"THE WORLD BOOK ENCYCLOPEDIA CI - CZ "" - 4"""
260 _b"WWORLD BOOK INC, CHICAGO"
_c1980
300 _a1220
630 _a"THE WORLD BOOK ENCYCLOPEDIA CI - CZ "" - 4"""
730 _a"THE WORLD BOOK ENCYCLOPEDIA CI - CZ "" - 4"""
942 _cBOOK
999 _c467055
_d467052